Normal view
MARC view
- Fundamental of electrical drives
Entry Topical Term
001 - CONTROL NUMBER
- control field: 101182
003 - CONTROL NUMBER IDENTIFIER
- control field: NUST
005 - DATE AND TIME OF LATEST TRANSACTION
- control field: 20221024101556.0
008 - FIXED-LENGTH DATA ELEMENTS
- fixed length control field: 221024|| aca||aabn | a|a d
040 ## - CATALOGING SOURCE
- Original cataloging agency: NUST
- Transcribing agency: NUST
150 ## - HEADING--TOPICAL TERM
- Topical term or geographic name entry element: Fundamental of electrical drives
670 ## - SOURCE DATA FOUND
- Source citation: Work cat.: (NUST)180283: Dubey, Gopal K. 101181, Fundamentals of electrical drives /, New Delhi
